Catálogo
 En Linea

The Romanians in the Anonymous "Gesta Hungarorum" : (Registro nro. 6399)

Detalles MARC
000 -CABECERA
campo de control de longitud fija 01038cam a2200253 a 4500
001 - NÚMERO DE CONTROL
campo de control 000006609
005 - FECHA Y HORA DE LA ÚLTIMA TRANSACCIÓN
campo de control 20200929153947.0
008 - DATOS DE LONGITUD FIJA--INFORMACIÓN GENERAL
campo de control de longitud fija 060215s2005 rm a b 001 0 eng
020 ## - NÚMERO INTERNACIONAL ESTÁNDAR DEL LIBRO
Número Internacional Estándar del Libro 9737784014
040 ## - FUENTE DE LA CATALOGACIÓN
Centro catalogador/agencia de origen DO-SdBNP
Centro/agencia transcriptor DLC
041 17 - CÓDIGO DE LENGUA
Código de lengua del texto/banda sonora o título independiente eng
Código de lengua original rum
Fuente del código Código de idioma MARC
082 ## - NÚMERO DE LA CLASIFICACIÓN DECIMAL DEWEY
Número de clasificación 943.9
Número de documento/Ítem M181r
100 1# - ENTRADA PRINCIPAL--NOMBRE DE PERSONA
Nombre de persona Madgearu, Alexandru.
9 (RLIN) 18328
240 10 - TÍTULO UNIFORME
Título uniforme Romanii in opera Notarului Anonim.
Lenguaje de la obra English.
245 14 - MENCIÓN DE TÍTULO
Título The Romanians in the Anonymous "Gesta Hungarorum" :
Resto del título truth and fiction /
Mención de responsabilidad, etc. Alexandru Madgearu.
260 ## - PUBLICACIÓN, DISTRIBUCIÓN, ETC.
Lugar de publicación, distribución, etc. Cluj-Napoca, Rumanía :
Nombre del editor, distribuidor, etc. Center for Transylvanian Studies :
-- Romanian Cultural Institute,
Fecha de publicación, distribución, etc. 2005.
300 ## - DESCRIPCIÓN FÍSICA
Extensión 218 p. :
Otras características físicas il. ;
Dimensiones 21 cm.
490 1# - MENCIÓN DE SERIE
Mención de serie Bibliotheca rerum Transsilvani
Designación de volumen o secuencia no. 34
504 ## - NOTA DE BIBLIOGRAFÍA, ETC.
Nota de bibliografía, etc. Incluye referencias bibliográficas (p. [191] -203) e índice.
534 ## - NOTA SOBRE LA VERSIÓN ORIGINAL
Encabezamiento principal del original Título original en Rumano:
Mención de título del original Romanii in opera Notarului Anonim.
651 #4 - PUNTO DE ACCESO ADICIONAL DE MATERIA--NOMBRE GEOGRÁFICO
Nombre geográfico Hungría
Subdivisión general Historia
Subdivisión cronológica 896-1301
9 (RLIN) 18329
830 #0 - PUNTO DE ACCESO ADICIONAL DE SERIE-TÍTULO UNIFORME
Título uniforme Bibliotheca rerum Transsilvaniae ;
Designación de volumen o secuencia no. 34.
9 (RLIN) 18330
910 ## - DATOS DE OPCIÓN DEL USUARIO (OCLC)
Datos de opción del usuario Catalogación por copia / LC
Existencias
Estado de retiro Estado de pérdida Restricciones de uso No para préstamo Código de colección Localización permanente Ubicación/localización actual Ubicación en estantería Fecha de adquisición Número de inventario Total de préstamos Signatura topográfica completa Código de barras Fecha visto por última vez Precio válido a partir de Tipo de ítem Koha
    Préstamo interno   Monografías: Libros y Folletos General General En catalogación 01.09.2009 LF1   943.9 M181r 6609-10 25.06.2020 25.06.2020 Préstamo interno

Con tecnología Koha